November Traditions in Slovakia

Zvyky a tradície na Slovensku počas mesiaca november.

Guardado en:
Detalles Bibliográficos
Autor principal: Goda, Natália, 1995-
Formato: Capítulo de libro
Lenguaje:inglés
Materias:
Etiquetas: Agregar Etiqueta
Sin Etiquetas, Sea el primero en etiquetar este registro!

MARC

LEADER 00000naa a2200000 4500
001 0262560
005 20240502083754.7
041 0 |a eng 
044 |a HU 
245 1 0 |a November Traditions in Slovakia  |c Natália Goda 
520 |a Zvyky a tradície na Slovensku počas mesiaca november. 
610 2 0 |a zvyklosti kultúrne 
610 2 0 |a Slovensko 
610 2 0 |a cirkev 
100 1 |a Goda, Natália, 1995-